Normal view
MARC view
- Haycock, Arthur Henry. [from old catalog]
Entry Personal Name
001 - CONTROL NUMBER
- control field: 45099
003 - CONTROL NUMBER IDENTIFIER
- control field: NUST
005 - DATE AND TIME OF LATEST TRANSACTION
- control field: 20210314133144.0
008 - FIXED-LENGTH DATA ELEMENTS
- fixed length control field: 210314|| aca||aabn | a|a d
040 ## - CATALOGING SOURCE
- Original cataloging agency: NUST
- Transcribing agency: NUST
100 ## - HEADING--PERSONAL NAME
- Personal name: Haycock, Arthur Henry. [from old catalog]
670 ## - SOURCE DATA FOUND
- Source citation: Work cat.: (NUST): Haycock, Arthur Henry. [from old catalog], Tenoning mortising and boring , 1948-
